00950nam a22001217a 4500008004100000020001900041050001500060100002100075245004800096260004500144300002100189505061800210140319b xxu||||| |||| 00| 0 eng d a9780199228287  aKD7869.L68 aLoveless,Janet  aCriminal Law : text, cases and materials. / aOxford:bOxford University Press;c2008. axi, 712p.:b:ill aContents: Introduction and general principles -- Actus reus: acts, omissions and causation -- Mens rea: intention, recklessness, negligence and gross negligence -- Strict, vicarious and corporate liability -- Secondary participation: Parties to a crime -- Homicide 1: murder -- Homicide 2: voluntary and involuntary manslaughter -- Defences of incapacity and mental conditions -- General defences -- Non-fatal offences against the person -- Sexual offences -- Property offences1 -- Property offences2: fraud and making off without payment -- Property offences3 -- Inchoate offences:attempt, conspiracy incitement